Normal view
MARC view
Entry Topical Term
001 - CONTROL NUMBER
- control field: 46318
003 - CONTROL NUMBER IDENTIFIER
- control field: ARRUPE
005 - DATE AND TIME OF LATEST TRANSACTION
- control field: 20190507113439.0
008 - FIXED-LENGTH DATA ELEMENTS
- fixed length control field: 190507|| aca||aabn | a|a d
040 ## - CATALOGING SOURCE
- Original cataloging agency: ARRUPE
- Transcribing agency: ARRUPE
150 ## - HEADING--TOPICAL TERM
- Topical term or geographic name as entry element: Trust.
670 ## - SOURCE DATA FOUND
- Source citation: Work cat.: (ARRUPE)0: Luhmann, Niklas, 1927-1998, author. 46317, Trust and power /, 2017